| 000 | 00354nam a2200133Ia 4500 | ||
|---|---|---|---|
| 008 | 240624s9999 xx 000 0 und d | ||
| 041 | _aeng | ||
| 082 | _a954 THA | ||
| 100 | _aTHAROOR SHASHI | ||
| 245 | _aINDIA FROM MIDNIGHT TO THE MILLENNIUM AN | ||
| 260 |
_c2007 _aNew Delhi _bPenguin Books |
||
| 300 | _axxix, : 389 : p. : cm. ; 19 | ||
| 365 |
_cRS _b30 |
||
| 999 |
_c13652 _d13652 |
||